Linear integral equations /

Guardado en:
Autor Principal: Lovitt, William Vernon, 1881-
Formato: Libro
Idioma:English
Publicado: New York [etc.] : McGraw-Hill Book Company, inc., 1924.
Edición:1st ed.
Materias:
Etiquetas: Agregar Etiqueta
Sin Etiquetas, Sea el primero en etiquetar este registro!
LEADER 00659cam a22002051a 4500
001 MAT.inmabb005989
008 750527s1924####nyua#####b####000#0#eng##
005 20170619120910.0
245 1 0 |a Linear integral equations /  |c by William Vernon Lovitt ... 
250 |a 1st ed. 
260 |a New York [etc.] :  |b McGraw-Hill Book Company, inc.,  |c 1924. 
300 |a xiii, 253 p. :  |b diagrs. ;  |c 21 cm. 
504 |a Bibliografía: p. vi. 
510 4 |a MR,  |c *REVIEW #* 
100 1 |a Lovitt, William Vernon,  |d 1881- 
650 0 |a Integral equations. 
084 |a 45-XX  |2 msc2000 
010 |a  24016214  
040 |a DLC  |c GAT  |d OCoLC  |d DLC 
859 |h 45  |i L911  |p A-6231  |b BIB. MATEMATICA